Принципы организации интерьерного пространства для досуга детей младшего школьного возраста; Академический вестник УралНИИпроект РААСН; № 4 (31)

Détails bibliographiques
Parent link:Академический вестник УралНИИпроект РААСН.— , 2008-
№ 4 (31).— 2016.— [С. 96-100]
Auteur principal: Губина О. В. Ольга Владимировна
Collectivité auteur: Национальный исследовательский Томский политехнический университет (ТПУ) Институт кибернетики (ИК) Кафедра инженерной графики и промышленного дизайна (ИГПД)
Autres auteurs: Хмелевский Ю. П. Юрий Петрович
Résumé:Заглавие с экрана
Актуальность работы обусловлена необходимостью нового подхода к проектированию досуговых пространств познавательного характера для младших школьников. С опорой на передовой зарубежный опыт авторами выведены принципы организации современных интерьерных пространств для досуга детей.
The relevance of the work due to the need for a new approach to the design of leisure spaces, educational nature for younger students. Relying on advanced foreign experience, the authors derived the principles of modern interior spaces for leisure of children.
Режим доступа: по договору с организацией-держателем ресурса
Langue:russe
Publié: 2016
Collection:Техническая эстетика
Sujets:
Accès en ligne:http://elibrary.ru/item.asp?id=27681569
Format: MixedMaterials Électronique Chapitre de livre
KOHA link:https://koha.lib.tpu.ru/cgi-bin/koha/opac-detail.pl?biblionumber=653656

MARC

LEADER 00000naa0a2200000 4500
001 653656
005 20250227161201.0
035 |a (RuTPU)RU\TPU\network\19150 
035 |a RU\TPU\network\18582 
090 |a 653656 
100 |a 20170321d2016 k||y0rusy50 ca 
101 0 |a rus 
102 |a RU 
135 |a drcn ---uucaa 
181 0 |a i  
182 0 |a b 
200 1 |a Принципы организации интерьерного пространства для досуга детей младшего школьного возраста  |d The principles of organization of the interior space for leisure activities of children of primary school age  |f О. В. Губина, Ю. П. Хмелевский 
203 |a Текст  |c электронный 
225 1 |a Техническая эстетика 
300 |a Заглавие с экрана 
320 |a [Библиогр.: 11 назв.] 
330 |a Актуальность работы обусловлена необходимостью нового подхода к проектированию досуговых пространств познавательного характера для младших школьников. С опорой на передовой зарубежный опыт авторами выведены принципы организации современных интерьерных пространств для досуга детей. 
330 |a The relevance of the work due to the need for a new approach to the design of leisure spaces, educational nature for younger students. Relying on advanced foreign experience, the authors derived the principles of modern interior spaces for leisure of children. 
333 |a Режим доступа: по договору с организацией-держателем ресурса 
461 |t Академический вестник УралНИИпроект РААСН  |d 2008- 
463 |t № 4 (31)  |v [С. 96-100]  |d 2016 
510 1 |a The principles of organization of the interior space for leisure activities of children of primary school age  |z eng 
610 1 |a электронный ресурс 
610 1 |a труды учёных ТПУ 
610 1 |a дизайн-проекты 
610 1 |a организация 
610 1 |a пространства 
610 1 |a досуг 
610 1 |a досуговая деятельность 
700 1 |a Губина  |b О. В.  |g Ольга Владимировна 
701 1 |a Хмелевский  |b Ю. П.  |c специалист в области инженерной графики и начертательной геометрии  |c ассистент кафедры Томского политехнического университета  |f 1969-  |g Юрий Петрович  |3 (RuTPU)RU\TPU\pers\33490  |9 17158 
712 0 2 |a Национальный исследовательский Томский политехнический университет (ТПУ)  |b Институт кибернетики (ИК)  |b Кафедра инженерной графики и промышленного дизайна (ИГПД)  |3 (RuTPU)RU\TPU\col\18737 
801 2 |a RU  |b 63413507  |c 20170321  |g RCR 
856 4 |u http://elibrary.ru/item.asp?id=27681569 
942 |c CF